| 000 | 01907nam1a2200385 i 4500 | ||
|---|---|---|---|
| 001 | RU\NLR\BIBL_A\022066429 | ||
| 005 | 20241102234405.0 | ||
| 010 | _a9788894027464 | ||
| 035 | _a(NLR Aleph) 022066429 | ||
| 090 |
_a12644795 _c12644795 |
||
| 100 | _a20231103d2022 m y0rusy50 ba | ||
| 101 | 1 |
_aeng _crus |
|
| 102 | _aRU | ||
| 105 | _a b | ||
| 181 | 0 |
_ai _baxxe |
|
| 181 | 0 |
_ab3 _bxb2e |
|
| 182 | 0 | _an | |
| 200 | 1 |
_aWar and peace in Russian porcelain _efrom the collection of Elena Baturina _e[catalogue _ein 3 volumes _ftexts and editing - Marianna Bubchikova and Elena Smirnova _gscience editing - Natalia Sipovskaya _gtranslation and editing - Alexander Anderson et al.] |
|
| 203 |
_aТекст _aИзображение _bвизуальные _cнепосредственные |
||
| 210 |
_aMoscow _cState institute for art studies _d2022 |
||
| 215 | _d31 | ||
| 320 | _aБиблиогр. в примеч. в конце предисл. и ст. | ||
| 541 | 1 |
_aВойна и мир в русском фарфоре _eиз коллекции Елены Батуриной |
|
| 606 | 1 |
_aХудожественная коллекция Батуриной Е. Н. _jКаталоги _92568590 _3RU\NLR\AUTH\6601730720 |
|
| 606 |
_aХудожественные фарфоро-фаянсовые изделия _jКаталоги _91837248 _3RU\NLR\AUTH\661123145 |
||
| 686 | 1 | _aЩ101.3(2Р)-4Батурина я26 | |
| 686 | 1 | _aЩ125.145.3(0)я26 | |
| 702 | 1 |
_4220 _7ba _8rus _aBubčikova _bM. A. _f1953- _gMarianna Aleksandrovna _9261962 _3RU\NLR\AUTH\770262018 |
|
| 702 | 1 |
_4340 _7ba _8rus _aSipovskaja _bN. V. _f1961- _gNatalija Vladimirovna _9261968 _3RU\NLR\AUTH\770262024 |
|
| 702 | 1 |
_aBaturina _bE. N. _f1963- _gElena Nikolaevna _4570 |
|
| 852 |
_aNLR _jИк 2023-9/86 |
||
| 942 | _cBOOK | ||